000
00320 a2200157 4500
001
182868
020
_a
040
_c
Magnum
100
_a
Vieira, Thereza Freire
240
1
0
_a
A flauta mágica
_l
por
245
1
0
_a
A flauta mágica
300
_a
158
362
0
_a
1999
697
_a
LITERATURA GERAL
942
_c
BK
999
_c
182868
_d
182868